Statistics for U.S. Oddities A-Z: Weather & Natural Disasters

Click here to take the quiz!

General Stats

  • This quiz has been taken 62 times
  • The average score is 16 of 26

Answer Stats

HintAnswer% Correct
HThe only US state never to have registered a 100°F air temperature.Hawaii
93%
AOn July 9, 1958, an earthquake in this state caused a landslide into Lituya Bay, resulting in a tsunami 1720 ft (524 m) high - the world record for tallest tsunami wave ever recorded.Alaska
91%
EOn April 18, 1906, over 3,000 people died when San Francisco, California was struck by this natural disaster.Earthquake
88%
KThis Hurricane devastated New Orleans and the nearby Louisiana and Mississippi gulf cost in August 2005.Katrina
86%
FAlthough not as infamous as the one that struck Chicago the same day, this natural disaster which destroyed Peshtigo, Wisconsin and the surrounding area on October 8, 1871 was the deadliest of such disasters in US history.Fire
84%
PThe town of Centralia in this state was forced to be abandoned due to an underground mine fire which has been burning continuously since 1962.Pennsylvania
84%
DThe world record for the hottest official air temperature ever recorded was 134.1°F taken at Furnace Creek Ranch in this California town on July 10, 1913. (The town is also home to a US National Park which contains the lowest point of elevation in North America.)Death Valley
79%
TComprised of portions of Texas, Oklahoma, Kansas, Nebraska, Iowa & South Dakota, this area is home to more of its namesake storms than anywhere else in the world.Tornado Alley
79%
SFebruary 12, 2010 was the last date when this was on the ground in all 50 US states simultaneously.Snow
74%
GThe hurricane which struck this Texas city on September 8, 1900 is the deadliest natural disaster in US history, causing an estimated 8,000+ deaths.Galveston
70%
LNearly 700 acres of new land were added to the island of Hawai'i in 2018 where this byproduct of the Kilauea eruption met the Pacific Ocean.Lava
67%
RThe Great New England Hurricane of 1938 caused massive destruction in this state, including record flooding of Narragansett BayRhode Island
67%
UThis state's Administrative Code specifically prohibits weather modification by way of cloud seeding.Utah
67%
CMt. Baker, in this mountain range in Washington state holds the world record for largest snowfall in a single season when 1,140 in (29 m; 95 ft) fell in the 1998-99 season.Cascades
65%
MThe Big Bog, located on this Hawaiian island, is the wettest location in the U.S., averaging 404 inches (10.3 m) of rain per year.Maui
65%
VMt. Rainer, Mt. Hood, and Mt. St. Helens are three of the most visible of these geologic features comprising a portion of the US's contribution to the Pacific Ring of Fire.Volcanoes
63%
YThis was the first designated national park in the US, and likely the world. It also sits atop a large volcanic caldera.Yellowstone
60%
OThroughout recorded history, hurricanes and Nor'easters have continuously reshaped this barrier island chain off the coast of North Carolina, carving new inlets and moving islands.Outer Banks
56%
ZFlash flooding can pose a significant danger in the narrow canyons of this US national park in Utah.Zion
51%
BThe most extreme temperature fluctuations in US history took place in this "colorful" region of western South Dakota on January 22, 1943, where the town of Spearfish saw the temperature rise 49°F in just 2 minutes!Black Hills
44%
IThis Minnesota city on the Canadian border is known as the "Icebox of the Nation" with an average of 109.4 days per year with a high temperature below 32°F. It frequently posts the coldest low temperature in the continental US on any given winter day.International Falls
40%
WThe weather observatory atop this mountain in New Hampshire's Presidential Range recorded a wind speed of 231 mph on April 12, 1934 - the world record for highest windspeed ever recorded until 1996, and still the highest windspeed recorded not associated with a tornado or tropical cyclone.Washington
37%
NA series of 3 major earthquakes which struck the Mississippi River valley from December 1811 - February 1813, as well as the associated seismic zone, have both been named after this nearby town which is now in the southeast corner of the state of Missouri.New Madrid
35%
QThe Great Flood of 1993 inundated a record 30,000 square miles along the Mississippi and Missouri Rivers. This western Illinois city was protected from flooding by its location on the bluffs overlooking the Mississippi, but both of the bridges connecting it with Missouri were closed for over 2 months.Quincy
35%
XThe 1974 Super Outbreak consisting of 148 confirmed tornadoes in 13 eastern US states is the most violent tornado outbreak ever recorded. The tornado that struck this Ohio city was the deadliest tornado of the outbreak, killing 32 people.Xenia
33%
JOn May 31, 1889, this Pennsylvania city and the surrounding area were devastated by a flood resulting from the catastrophic failure of the South Fork Dam on the Little Conemaugh River.Johnstown
26%

Score Distribution

Percentile by Number Answered

Percent of People with Each Score

Your Score History

You have not taken this quiz